00877nam a22002537a 4500003000500000005001700005008004100022010001000063011001000073035001000083040000900093082001500102100002300117245007700140260007800217300002800295490007400323650003900397650003500436650001800471700002500489700003500514830007400549CHAP20220817043316.0971013s1941 r 00010 d a71344 a72316 a81871 cCHAP a551.49bG300aGálvez, Vicente. aEstudios hidrogeológicos practicados en el estado de San Luis Potosí aMéxico, D.F. :bInstituto Panamericano de Geografía e Historia,c1941 a139 p.b: láms ; mapa aInstituto Panamericano de Geografía e Historia. Publicaciónv; 5614aAgua subterraneaxSan Luis Potosi.14aGeologíaxSan Luis Potosí.14aHidrología.0 aBlásquez L., Luis.0 aHernández Apolinar, Mariana.0 aInstituto Panamericano de Geografía e Historia. Publicaciónv; 56